| 000 | 00999cam a22003015a 4500 | ||
|---|---|---|---|
| 001 | 12539457 | ||
| 005 | 20160825160358.0 | ||
| 008 | 150825s2015 qeaa rb 001 0 eng d | ||
| 020 | _a9780730311119 | ||
| 020 | _a0730311112 | ||
| 024 | 8 | _a12348847 | |
| 035 | _a(NhCcYBP)co13462933 | ||
| 040 |
_aNhCcYBP _beng _cNhCcYBP _dEG-ScBUE |
||
| 082 | 0 | 4 |
_222 _a657.021894 _bFIN |
| 245 | 1 | 0 |
_aFinancial reporting / _cJanice Loftus ... [et al.]. |
| 250 | _a1st ed. | ||
| 260 |
_aQueensland, Australia : _bJohn Wiley and Sons Australia, Ltd, _c2015. |
||
| 300 |
_axix, 1108 p. : _bill. ; _c26 cm. |
||
| 500 | _aIndex : p. 1093-1108. | ||
| 504 | _aIncludes bibliographical references. | ||
| 650 | 7 |
_aFinancial statements _xStandards _zAustralia. _2BUEsh _940907 |
|
| 650 | 7 |
_aAccounting _zAustralia. _940906 _2BUEsh |
|
| 650 | 7 |
_aAccounting _xStandards _zAustralia. _940908 |
|
| 651 | _2BUEsh | ||
| 653 |
_bBUSADM _cAugust 2016 |
||
| 700 | 1 |
_940905 _aLoftus, Janiceā. |
|
| 942 |
_2ddc _e22 _k657.021894 FIN |
||
| 999 |
_c22243 _d22215 |
||